000 00360nam a22001577a 4500
003 SGT
020 _a978-0-7020-3084-0
082 _a610
_bD10C
100 _aCOLLEDGE, NICKI.R
245 _aDAVIDSON'S PRINCIPLES AND PRACTICE OF MEDICINE
250 _a21ST
260 _aNEW YORK
_bELSEVIOR
_c2010
300 _a1360
650 _aPHARMACY
942 _2ddc
_cBK
999 _c11172
_d11172